Koncert č. 2 pro hoboj a orchestr
Uložené v:
| Hlavný autor: | |
|---|---|
| Korporácia: | , |
| Ďalší autori: | , , , , , |
| Médium: | Zvuková nahrávka |
| Jazyk: | Czech |
| Vydané: |
Praha :
Supraphon,
[1960].
|
| Fyzický popis: |
1 gramofónová platňa (LP) : analog, 33 1/3 ot/min, stereo ; 30 cm. |
| Tagy: |
Pridať tag
Žiadne tagy, Buďte prvý kto otaguje tento záznam!
|
Titul je dostupný aj v ... 

MARC
| LEADER | 00000njm a2200000 a 4500 | ||
|---|---|---|---|
| 001 | 000443621 | ||
| 003 | SVKKK | ||
| 005 | 20160825130911.0 | ||
| 008 | 131023s1960 xr cze d | ||
| 028 | 0 | 1 | |a DV 5464 |b Supraphon |
| 040 | |a SVKKK |b slo |c SVKKK |e AACR2 | ||
| 041 | 0 | |a cze | |
| 044 | |a xr |c CZ | ||
| 100 | 1 | |a Seidel, Jan, |d 1908-1998 |4 cmp | |
| 245 | 1 | 0 | |a Koncert č. 2 pro hoboj a orchestr |h [zvukový záznam] / |c Jan Seidel. Koncert Es-dur pro dva lesní rohy a orchestr / Franz Anton Rössler-Rosetti. |
| 260 | |a Praha : |b Supraphon, |c [1960]. | ||
| 300 | |a 1 gramofónová platňa (LP) : |b analog, 33 1/3 ot/min, stereo ; |c 30 cm. | ||
| 505 | 0 | |a 1. strana : |t Koncert č. 2 pro hoboj a orchestr / Jan Seidel | |
| 505 | 0 | |a 2. strana : |t Koncert Es-dur pro dva lesní rohy a orchestr / Franz Anton Rössler-Rosetti | |
| 511 | 0 | |a Účinkujú: Josef Shejbal - hoboj ; Česká filharmonie, diríguje Karel Ančerl ; Miroslav Štefek a, VladimírKubát - lesné rohy ; Symfonický orchestr hl. m. Prahy FOK, diriguje Václav Smetáček | |
| 700 | 1 | 2 | |a Rössler-Rosetti, František Antonín, |d 1746-1792. |t Koncert Es-dur pro dva lesní rohy a orchestr |
| 700 | 1 | |a Shejbal, Josef |4 prf | |
| 700 | 1 | |a Štefek, Miroslav |4 prf | |
| 700 | 1 | |a Kubát, Vladimír |4 prf | |
| 700 | 1 | |a Ančerl, Karel, |d 1908-1973 |4 cnd | |
| 700 | 1 | |a Smetáček, Václav, |d 1906-1986 |4 cnd | |
| 710 | 2 | |a Symfonický orchestr hl. města Prahy FOK |4 prf | |
| 710 | 2 | |a Česká filharmonie |4 prf | |
| 910 | |a svkkk | ||
| 998 | |a AM | ||
| 090 | |g SCKHL |k Sklad Pribinova 1. posch. |a IIIG.425 |i 2720342889 |s Prezenčne CD, DVD | ||
| 924 | |a AVM | ||